[Event "SV Castrop-Rauxel 1 - SK Münster 1"]
[Site "Oberliga NRW 2010/2011"]
[Date "2011.01.09"]
[Round "5.2"]
[White "Racherbaeumer, Marcel"]
[Black "Molinaroli, Martin"]
[Result "1-0"]
[WhiteElo "2246"]
[BlackElo "2214"]
[PlyCount "79"]
[EventDate "2011.??.??"]

1. e4 d6 2. d4 Nf6 3. Nc3 e5 4. Nf3 exd4 5. Nxd4 Be7 6. g3 O-O 7. Bg2 Re8 8.
O-O Bf8 9. h3 Nbd7 10. Nb3 c6 11. a4 a5 12. Be3 Qc7 13. Bd4 b6 14. g4 Rd8 15.
g5 Ne8 16. f4 Ba6 17. Rf2 Nc5 18. Nd2 Rac8 19. Nf1 Ne6 20. Be3 d5 21. exd5 cxd5
22. Nxd5 Qb8 23. Qg4 Nc5 24. f5 Bb7 25. Bf4 Qa7 26. Nfe3 Bc6 27. b3 Qb7 28. f6
g6 29. Rd1 Ne6 30. c4 Nxf4 31. Qxf4 Bc5 32. Re1 Bxd5 33. Nxd5 Rxd5 34. Bxd5 Qd7
35. Re7 Qd6 36. Rxf7 Qxd5 37. cxd5 Kxf7 38. Qg4 Rc7 39. Qe6+ Kf8 40. Kg2 1-0

[Event "SV Castrop-Rauxel 1 - SK Münster 1"]
[Site "Oberliga NRW 2010/2011"]
[Date "2011.01.09"]
[Round "5.3"]
[White "Rott, Georg"]
[Black "Deegens, Vincent"]
[Result "1/2-1/2"]
[WhiteElo "2137"]
[BlackElo "2213"]
[Annotator ",Daniel"]
[PlyCount "97"]
[EventDate "2011.??.??"]

1. e4 e6 2. d4 d5 3. Nd2 Nf6 4. e5 Nfd7 5. Bd3 c5 6. c3 Nc6 7. Ne2 cxd4 8. cxd4
f6 9. exf6 Nxf6 10. Nf3 Bd6 11. O-O Qc7 12. g3 O-O 13. Bf4 Bd7 14. Rc1 Nh5 15.
Bxd6 Qxd6 16. Ng5 Nf6 17. f4 Qb4 18. Qb3 h6 19. Nf3 Qxb3 20. axb3 Nb4 21. Bb1
Bb5 22. Rfe1 Bd3 23. Rc7 Rfc8 24. Rxb7 a5 25. Nc3 Ne4 26. Bxd3 Nxd3 27. Re3
Nxc3 28. bxc3 Rxc3 29. Nd2 Nxf4 30. Re1 Nh3+ 31. Kg2 Ng5 32. h4 Rc2 33. hxg5
Rxd2+ 34. Kh3 hxg5 35. Rxe6 Rxd4 $11 36. Rg6 a4 37. bxa4 Rdxa4 38. Rxg5 d4 39.
Rgxg7+ Kh8 40. Rgd7 Kg8 41. g4 Ra3+ 42. Kh4 d3 43. g5 Ra1 44. Rxd3 Rh1+ 45. Kg4
Rg1+ 46. Kh5 Rh1+ 47. Kg6 Ra6+ 48. Kf5 Ra5+ 49. Kg6 1/2-1/2

[Event "SV Castrop-Rauxel 1 - SK Münster 1"]
[Site "Oberliga NRW 2010/2011"]
[Date "2011.01.09"]
[Round "5.4"]
[White "Kartsev, Soel"]
[Black "Korth, Daniel"]
[Result "1/2-1/2"]
[WhiteElo "2130"]
[BlackElo "2127"]
[PlyCount "103"]
[EventDate "2011.??.??"]

1. e4 e5 2. Nf3 Nc6 3. Bb5 a6 4. Bxc6 dxc6 5. Nc3 Qd6 6. d4 exd4 7. Qxd4 Qxd4
8. Nxd4 Bd7 9. O-O O-O-O 10. Be3 Re8 11. a3 Nf6 12. f3 h5 13. h4 Rg8 14. Rad1
Nh7 15. Kf2 Be7 16. g3 g6 17. Rfe1 Nf8 18. b4 Ne6 19. Na4 b6 20. Nb2 Nxd4 21.
Bxd4 Be6 22. c4 f6 23. c5 g5 24. hxg5 Rxg5 25. cxb6 Reg8 26. Rg1 cxb6 27. Bxb6
Rb5 28. Be3 a5 29. Rc1 axb4 30. a4 Rb7 31. Rxc6+ Kd7 32. Ra6 Bb3 33. Rc1 Rc8
34. Rxc8 Kxc8 35. Rc6+ Rc7 36. Rxc7+ Kxc7 37. Bd4 Kc6 38. Ke3 Be6 39. f4 f5 40.
Kd3 Bc8 41. Ke3 Be6 42. Nd3 Bd6 43. Ne5+ Kb7 44. Nf3 Ka6 45. Ba1 Bd7 46. exf5
Bxf5 47. Kd4 Be6 48. Ne5 Ka5 49. Nc4+ Bxc4 50. Kxc4 Kxa4 51. Kd5 h4 52. gxh4
1/2-1/2

[Event "SV Castrop-Rauxel 1 - SK Münster 1"]
[Site "Oberliga NRW 2010/2011"]
[Date "2011.01.09"]
[Round "5.5"]
[White "Wolter, Kai"]
[Black "Fischer, Thomas"]
[Result "1-0"]
[WhiteElo "2170"]
[BlackElo "2120"]
[PlyCount "55"]
[EventDate "2011.??.??"]

1. e4 c6 2. d4 d5 3. e5 c5 4. dxc5 e6 5. Nf3 Bxc5 6. Bd3 Nc6 7. O-O Nge7 8. a3
Ng6 9. Re1 Qc7 10. b4 Bb6 11. Bb2 O-O 12. Nbd2 a5 13. b5 Nce7 14. c4 f6 15.
exf6 gxf6 16. Rc1 Qd8 17. cxd5 Nxd5 18. Bc4 Kg7 19. Ne4 Nge7 20. Qd2 e5 21.
Nxe5 fxe5 22. Bxe5+ Nf6 23. Qg5+ Ng6 24. Rcd1 Qe7 25. Nxf6 Rxf6 26. Bxf6+ Qxf6
27. Qxf6+ Kxf6 28. Rd6+ 1-0

[Event "SV Castrop-Rauxel 1 - SK Münster 1"]
[Site "Oberliga NRW 2010/2011"]
[Date "2011.01.09"]
[Round "5.6"]
[White "Kaeding, Rainer"]
[Black "Kamp, Christoph"]
[Result "0-1"]
[WhiteElo "2130"]
[BlackElo "2151"]
[PlyCount "126"]
[EventDate "2011.??.??"]

1. e4 e6 2. d3 d5 3. Nd2 Nf6 4. g3 b6 5. Bg2 Bb7 6. e5 Nfd7 7. f4 c5 8. Ngf3
Nc6 9. O-O Be7 10. c3 Qc7 11. Re1 O-O-O 12. Nf1 h6 13. Qe2 Rdg8 14. g4 h5 15.
g5 g6 16. h4 Kb8 17. Bd2 Rc8 18. Rab1 Rhd8 19. Ng3 Ka8 20. Rec1 Bf8 21. a4 Ne7
22. b4 cxb4 23. cxb4 Qb8 24. Rxc8 Rxc8 25. a5 b5 26. a6 Bc6 27. Be3 Nb6 28. Nd4
Na4 29. Qe1 Bd7 30. Nge2 Rc7 31. Bh3 Nc6 32. Nxc6 Bxc6 33. Bd4 Bd7 34. Nc1 Qc8
35. Nb3 Qxa6 36. Bf1 Qc8 37. Be2 Nc3 38. Bxc3 Rxc3 39. Nd4 Be7 40. Kg2 Bd8 41.
Nb3 Rc2 42. Nd4 Rc7 43. Ra1 Qb7 44. Ra2 Be7 45. Nb3 Qc6 46. Nd4 Qc3 47. Qxc3
Rxc3 48. Rb2 Kb7 49. Kf2 Kb6 50. Ke1 a5 51. bxa5+ Kxa5 52. Nb3+ Kb6 53. Nd4 Ba3
54. Rb3 Rxb3 55. Nxb3 Bb4+ 56. Kf2 Bc3 57. d4 b4 58. Ke3 Be1 59. Nc5 Bb5 60.
Bxb5 Kxb5 61. Nb7 Kc4 62. Nd6+ Kc3 63. f5 b3 0-1

[Event "SV Castrop-Rauxel 1 - SK Münster 1"]
[Site "Oberliga NRW 2010/2011"]
[Date "2011.01.09"]
[Round "5.7"]
[White "Bolwerk, Peter"]
[Black "Kartsev, Alexandr"]
[Result "1/2-1/2"]
[WhiteElo "2180"]
[BlackElo "2163"]
[Annotator ",Daniel"]
[PlyCount "119"]
[EventDate "2011.??.??"]

1. e4 c6 2. d4 d5 3. Nd2 dxe4 4. Nxe4 Bf5 5. Ng3 Bg6 6. Nf3 Nd7 7. h4 h6 8. h5
Bh7 9. Bd3 Bxd3 10. Qxd3 Ngf6 11. Bd2 e6 12. O-O-O Be7 13. Ne4 O-O 14. g4 Nxg4
15. Rhg1 f5 16. Qb3 fxe4 17. Qxe6+ Rf7 18. Ne5 Ndxe5 19. dxe5 Qd5 20. Qxd5 cxd5
21. Rxg4 Kh7 22. Be3 Rd8 23. Bxa7 Rf5 24. Bb6 Rd7 25. Rxe4 Bg5+ 26. Be3 dxe4
27. Rxd7 Bxe3+ 28. fxe3 Rxe5 29. Rxb7 Rxh5 30. b4 Rh1+ 31. Kb2 h5 32. b5 Rf1
33. Rd7 h4 34. a4 h3 35. Rd2 g5 36. b6 Rf8 37. a5 Rb8 38. c4 g4 39. Rh2 Kg6 40.
c5 Kf5 41. a6 Rg8 42. a7 g3 43. Rxh3 g2 44. a8=Q Rxa8 45. Rg3 Ra5 46. Kb3 Rxc5
47. Kb4 Rc6 48. Rxg2 Rxb6+ 49. Kc5 $11 Rb3 50. Rg3 Rb1 51. Kc4 Rc1+ 52. Kd4
Rd1+ 53. Kc4 Rd3 54. Kc5 Rd8 55. Kc4 Rd1 56. Kc5 Rf1 57. Kd4 Rf2 58. Rg8 Rd2+
59. Kc4 Rc2+ 60. Kd4 1/2-1/2

[Event "SV Castrop-Rauxel 1 - SK Münster 1"]
[Site "Oberliga NRW 2010/2011"]
[Date "2011.01.09"]
[Round "5.8"]
[White "Hille, Ralph Ingo"]
[Black "Chilla, Jan Eric"]
[Result "1-0"]
[WhiteElo "2096"]
[BlackElo "2096"]
[PlyCount "81"]
[EventDate "2011.??.??"]

1. b3 d5 2. Bb2 Bg4 3. g3 c6 4. Bg2 Nd7 5. c4 e6 6. d3 Ngf6 7. Nd2 Bd6 8. h3
Bh5 9. Ngf3 O-O 10. O-O a5 11. a3 Qe7 12. Qc2 e5 13. e4 dxe4 14. dxe4 Bxf3 15.
Bxf3 Nc5 16. b4 Ne6 17. c5 Bc7 18. Nc4 Rfd8 19. Rad1 axb4 20. axb4 Nd4 21. Bxd4
Rxd4 22. Rxd4 exd4 23. Bg2 Re8 24. Re1 h5 25. Qd2 h4 26. g4 Nd5 27. e5 Rd8 28.
Nd6 Bxd6 29. exd6 Qf6 30. Bxd5 cxd5 31. Rd1 Qf3 32. Qd3 Qf4 33. Qxd4 Qf3 34.
Rd3 Qe2 35. Re3 Qa2 36. Re7 Ra8 37. d7 Qb1+ 38. Kg2 Ra1 39. d8=Q+ Kh7 40. Qxa1
Qxa1 41. Qxd5 1-0

[Event "SG Porz 2 - Aachener SV 1"]
[Site "Oberliga NRW 2010/2011"]
[Date "2011.01.09"]
[Round "5.1"]
[White "Koch, Thomas"]
[Black "Miedema, David"]
[Result "0-1"]
[WhiteElo "2400"]
[BlackElo "2387"]
[Annotator "Hausrath,Daniel"]
[PlyCount "70"]
[EventDate "2011.??.??"]

1. d4 e6 2. c4 Nf6 3. Nf3 d5 4. Nc3 Bb4 5. Qa4+ Nc6 6. Bg5 dxc4 7. e3 Qd5 8.
Bxf6 gxf6 9. Nd2 Bxc3 10. bxc3 b5 11. Qa3 f5 12. f4 Qd6 13. Qb2 Rb8 14. Be2 O-O
15. O-O a6 16. Rae1 Bd7 17. Bf3 Ne7 18. e4 Ng6 19. g3 c5 20. Rf2 $11 cxd4 21.
cxd4 Rbc8 22. Rc1 Ne7 23. g4 Ng6 24. gxf5 exf5 25. e5 c3 26. exd6 cxb2 27. Rc5
Nxf4 28. Rf1 Nd3 29. Nb3 Be6 30. Bb7 Rxc5 31. dxc5 Bxb3 32. Rb1 Bxa2 33. Rxb2
Nxb2 34. c6 Be6 35. c7 Nc4 0-1

[Event "SG Porz 2 - Aachener SV 1"]
[Site "Oberliga NRW 2010/2011"]
[Date "2011.01.09"]
[Round "5.2"]
[White "Korotkevych, Stanislav"]
[Black "Sonntag, Hans-Hubert"]
[Result "1-0"]
[WhiteElo "2340"]
[BlackElo "2362"]
[PlyCount "119"]
[EventDate "2011.??.??"]

1. d4 Nf6 2. Nf3 e6 3. c4 d5 4. Nc3 dxc4 5. e3 a6 6. Bxc4 c5 7. a4 Nc6 8. O-O
Be7 9. dxc5 Qxd1 10. Rxd1 Bxc5 11. Ng5 O-O 12. Nge4 Nxe4 13. Nxe4 Be7 14. Bd2
Bd7 15. Bc3 Rfd8 16. Nd6 Bxd6 17. Rxd6 Be8 18. Rxd8 Rxd8 19. Kf1 Ne7 20. Ke2
Rc8 21. Bb3 Bc6 22. f3 Bd5 23. Bc2 e5 24. Rd1 Kf8 25. Rd2 Bc4+ 26. Kf2 Nc6 27.
Be4 Ke7 28. Bxc6 Rxc6 29. Bxe5 f6 30. Bc3 Bb3 31. a5 Rc7 32. Rd4 Rc4 33. Rd3
Bc2 34. Rd2 Bb3 35. g4 Rc7 36. h4 Rd7 37. Bd4 Rc7 38. Kg3 Rc2 39. Rd3 Ba4 40.
Bc3 Rc1 41. h5 Rd1 42. Bd2 Ke6 43. Kf4 g6 44. hxg6 hxg6 45. e4 Bb5 46. Rd4 Rg1
47. Bb4 g5+ 48. Ke3 Rg2 49. Rd6+ Ke5 50. Rd5+ Ke6 51. Bc3 Re2+ 52. Kd4 Rh2 53.
Kc5 Ke7 54. e5 fxe5 55. Rxe5+ Kd7 56. Rxg5 Rf2 57. Rg7+ Ke6 58. Rxb7 Rxf3 59.
Rxb5 axb5 60. a6 1-0

[Event "SG Porz 2 - Aachener SV 1"]
[Site "Oberliga NRW 2010/2011"]
[Date "2011.01.09"]
[Round "5.3"]
[White "Coenen, Norbert"]
[Black "Malykin, Vitaly"]
[Result "0-1"]
[WhiteElo "2343"]
[BlackElo "2307"]
[PlyCount "58"]
[EventDate "2011.??.??"]

1. e4 g6 2. d4 Bg7 3. Nc3 d6 4. Be3 a6 5. a4 Nf6 6. h3 O-O 7. Nf3 Nc6 8. d5 Nb4
9. Nb1 c6 10. c3 cxd5 11. cxb4 dxe4 12. Nfd2 Nd5 13. Nxe4 Nxe3 14. fxe3 Bxb2
15. Ra2 Be5 16. Bd3 Qb6 17. Qd2 f5 18. a5 Qa7 19. Nf2 Be6 20. Rc2 f4 21. exf4
Rxf4 22. O-O Raf8 23. Qe1 Qd4 24. b5 axb5 25. Bxb5 R4f6 26. Qc1 Qh4 27. Ng4
Bxg4 28. Rxf6 Rxf6 29. Bc4+ Kg7 0-1

[Event "SG Porz 2 - Aachener SV 1"]
[Site "Oberliga NRW 2010/2011"]
[Date "2011.01.09"]
[Round "5.4"]
[White "Coenen, Michael"]
[Black "Klein, Felix"]
[Result "1-0"]
[WhiteElo "2304"]
[BlackElo "2263"]
[PlyCount "87"]
[EventDate "2011.??.??"]

1. e4 c5 2. Nf3 e6 3. d4 cxd4 4. Nxd4 a6 5. Bd3 g6 6. O-O Bg7 7. c3 Ne7 8. Qe2
Nbc6 9. Nxc6 Nxc6 10. Rd1 Qc7 11. Nd2 O-O 12. Bc2 b5 13. Nb3 d6 14. a4 b4 15.
Bf4 Rd8 16. Qc4 bxc3 17. bxc3 Bb7 18. Rab1 Rac8 19. Be3 Qe7 20. Bb6 Rd7 21. Qd3
Ne5 22. Qe2 Rxc3 23. Na5 Nc6 24. Nxb7 Rxb7 25. a5 Qg5 26. Qxa6 Rxb6 27. axb6
Rxc2 28. Qc8+ Bf8 29. b7 Qf4 30. Rf1 Qxe4 31. Rb6 Kg7 32. Rxc6 Rxc6 33. Qd8 Be7
34. Qa5 Rc5 35. Qa1+ Bf6 36. Qb1 Qh4 37. b8=Q Rh5 38. h3 Be5 39. Q8b4 Bd4 40.
Qxd6 Rf5 41. Qc2 Rg5 42. Qd2 Be5 43. Qa3 Rf5 44. Qdb4 1-0

[Event "SG Porz 2 - Aachener SV 1"]
[Site "Oberliga NRW 2010/2011"]
[Date "2011.01.09"]
[Round "5.5"]
[White "Begnis, Nikolaos"]
[Black "Savchenko, Aleksij"]
[Result "1-0"]
[WhiteElo "2252"]
[BlackElo "2218"]
[PlyCount "81"]
[EventDate "2011.??.??"]

1. e4 c5 2. Nf3 e6 3. d4 cxd4 4. Nxd4 a6 5. Bd3 Qc7 6. O-O Nf6 7. c4 d6 8. Nc3
g6 9. Bf4 Nbd7 10. Nb3 b6 11. Re1 Ne5 12. Bf1 Be7 13. Rc1 Nfd7 14. Bh6 g5 15.
Nd4 Rg8 16. f4 gxf4 17. b4 Bh4 18. Qh5 Ng6 19. Red1 Nf6 20. Qe2 Bb7 21. Nf3 e5
22. Bg5 Bxg5 23. Nxg5 Nh4 24. Nf3 Nxf3+ 25. Qxf3 Ke7 26. Nd5+ Bxd5 27. cxd5 Qd7
28. Rc6 b5 29. Rdc1 Rac8 30. Kh1 Ng4 31. a4 Rxc6 32. dxc6 Qa7 33. h3 Nf2+ 34.
Kh2 Rg3 35. c7 Kf6 36. c8=Q Nxh3 37. Qd8+ Kg7 38. Qxg3+ fxg3+ 39. Kxh3 Qe3 40.
Rc8 Qh6+ 41. Qh4 1-0

[Event "SG Porz 2 - Aachener SV 1"]
[Site "Oberliga NRW 2010/2011"]
[Date "2011.01.09"]
[Round "5.6"]
[White "Kreutzkamp, Reinhold"]
[Black "Frombach, Ralf"]
[Result "1-0"]
[WhiteElo "2241"]
[BlackElo "2180"]
[PlyCount "111"]
[EventDate "2011.??.??"]

1. e4 c5 2. c3 d5 3. exd5 Qxd5 4. d4 Nf6 5. Nf3 e6 6. Bd3 Be7 7. O-O O-O 8. Qe2
Nc6 9. dxc5 Rd8 10. Rd1 Qxc5 11. Bg5 Bd7 12. Nbd2 Be8 13. Nc4 a5 14. Be3 Qh5
15. Nb6 Ra7 16. Nd4 Qxe2 17. Bxe2 Nxd4 18. Rxd4 Rxd4 19. Bxd4 Ne4 20. Nc8 Ra8
21. Nxe7+ Kf8 22. Bf3 Nd6 23. Bc5 Kxe7 24. Rd1 Rd8 25. Bxb7 e5 26. b4 axb4 27.
cxb4 Ke6 28. Bd5+ Kf6 29. Bb3 Nb7 30. Rxd8 Nxd8 31. a4 Ne6 32. Be3 Nd4 33. Bd1
Ke6 34. f4 f6 35. fxe5 fxe5 36. b5 Kd5 37. b6 Kc6 38. a5 Kb7 39. Bxd4 exd4 40.
Bf3+ Ka6 41. Be2+ Kb7 42. Bd3 Bc6 43. g3 Bd5 44. Kf2 h6 45. Be2 Bb3 46. Bf3+
Ka6 47. Ke2 Bc2 48. Kd2 Bf5 49. Be2+ Kb7 50. Bd3 Bc8 51. Be4+ Ka6 52. Kd3 Kxa5
53. b7 Bxb7 54. Bxb7 Kb6 55. Bd5 Kc5 56. Ba2 1-0

[Event "SG Porz 2 - Aachener SV 1"]
[Site "Oberliga NRW 2010/2011"]
[Date "2011.01.09"]
[Round "5.7"]
[White "Bressel, Teoman"]
[Black "Gallinnis, Norbert"]
[Result "0-1"]
[WhiteElo "1951"]
[BlackElo "2223"]
[PlyCount "78"]
[EventDate "2011.??.??"]

1. d4 Nf6 2. c4 c5 3. d5 Ne4 4. Qc2 Qa5+ 5. Nd2 Nd6 6. b3 g6 7. Bb2 Rg8 8. Bc3
Qc7 9. e4 Bg7 10. Bxg7 Rxg7 11. Ngf3 f6 12. h4 Nf7 13. O-O-O e5 14. dxe6 dxe6
15. e5 f5 16. h5 Nc6 17. hxg6 hxg6 18. Nb1 Bd7 19. Nc3 Ncxe5 20. Nb5 Bxb5 21.
cxb5 Nxf3 22. gxf3 Ke7 23. Bc4 Rd8 24. Rhe1 Rxd1+ 25. Qxd1 Qf4+ 26. Kb1 Ne5 27.
Qe2 Kf6 28. Qb2 Rd7 29. Qc3 Qd4 30. Re3 g5 31. Be2 Rd5 32. Qa5 f4 33. Re4 Qxf2
34. Qc3 b6 35. Kb2 Rd4 36. Qc2 Rxe4 37. Qxe4 Qd4+ 38. Qxd4 cxd4 39. Bd1 g4 0-1

[Event "SG Porz 2 - Aachener SV 1"]
[Site "Oberliga NRW 2010/2011"]
[Date "2011.01.09"]
[Round "5.8"]
[White "Peschlow, Patrick"]
[Black "Falter, Lennart"]
[Result "1/2-1/2"]
[WhiteElo "2280"]
[BlackElo "1936"]
[PlyCount "53"]
[EventDate "2011.??.??"]

1. e4 e5 2. Nf3 Nc6 3. Bb5 a6 4. Ba4 Nf6 5. O-O Be7 6. Re1 b5 7. Bb3 d6 8. c3
O-O 9. h3 Na5 10. Bc2 c5 11. d4 Qc7 12. Nbd2 Nc6 13. d5 Nd8 14. a4 Rb8 15. b3
Ne8 16. axb5 axb5 17. Nf1 g6 18. Bh6 Ng7 19. g4 f6 20. Ng3 Nf7 21. Be3 Bd7 22.
Qd2 Ra8 23. Kg2 Ra7 24. Rxa7 Qxa7 25. Bd3 Qa3 26. Rb1 Ra8 27. Qb2 1/2-1/2

[Event "SV Mülheim-Nord 2 - SV Wattenscheid 2"]
[Site "Oberliga NRW 2010/2011"]
[Date "2011.01.30"]
[Round "6.1"]
[White "Mladenov, Svetlin"]
[Black "Litwak, Aleksej"]
[Result "1-0"]
[WhiteElo "2383"]
[BlackElo "2254"]
[PlyCount "53"]
[EventDate "2011.??.??"]

1. e4 c5 2. Nf3 d6 3. d4 cxd4 4. Nxd4 Nf6 5. Nc3 g6 6. Be2 Bg7 7. O-O O-O 8.
Be3 Nc6 9. Nb3 Be6 10. f4 Na5 11. f5 Bc4 12. Bd3 b5 13. Nxb5 Nxe4 14. Nxa5 Bxb5
15. Nb7 Qd7 16. Bxe4 Bxf1 17. Qxf1 d5 18. Nc5 Qc6 19. Bf3 Bxb2 20. Rd1 e6 21.
c4 Rad8 22. fxe6 fxe6 23. cxd5 exd5 24. Qd3 Kh8 25. Bd4+ Bxd4+ 26. Qxd4+ Qf6
27. Ne6 1-0

[Event "SV Mülheim-Nord 2 - SV Wattenscheid 2"]
[Site "Oberliga NRW 2010/2011"]
[Date "2011.01.30"]
[Round "6.2"]
[White "Kaufeld, Juergen"]
[Black "Souleidis, Georgios"]
[Result "1/2-1/2"]
[WhiteElo "2219"]
[BlackElo "2318"]
[Annotator "Hausrath,Daniel"]
[PlyCount "100"]
[EventDate "2011.??.??"]

1. Nf3 Nf6 2. g3 b5 3. Bg2 Bb7 4. d3 e6 5. e4 d6 6. O-O Be7 7. Na3 a6 8. c4 c6
9. Re1 Nbd7 10. d4 bxc4 11. e5 dxe5 12. dxe5 Nd5 13. Nxc4 O-O 14. h4 a5 15. Bg5
Ba6 16. Rc1 Bb5 17. a3 a4 $11 18. Qd4 Nc5 19. Rcd1 h6 20. Bxe7 Qxe7 21. Nd6 Nb7
22. Nxb7 Qxb7 23. Qc5 Rfc8 24. Nd4 Rab8 25. Rd2 Qd7 26. Be4 Kh8 27. Bb1 Qd8 28.
Kh2 g6 29. Rc1 h5 30. Qc2 Qe7 31. Nxb5 cxb5 32. Qxc8+ Rxc8 33. Rxc8+ Kg7 34.
Ba2 g5 35. Bxd5 exd5 36. hxg5 Qxg5 37. Rxd5 Qf5 38. Rc7 Qxf2+ 39. Kh3 Qf1+ 40.
Kh2 Qf2+ 41. Kh3 Qe1 42. Kh2 Qe2+ 43. Kh3 Qe1 44. Kh2 Qe2+ 45. Kh3 Qe4 46. Rd2
Qh1+ 47. Rh2 Qf1+ 48. Rg2 Qh1+ 49. Rh2 Qf1+ 50. Rg2 Qh1+ 1/2-1/2

[Event "SV Mülheim-Nord 2 - SV Wattenscheid 2"]
[Site "Oberliga NRW 2010/2011"]
[Date "2011.01.30"]
[Round "6.4"]
[White "Driessens, Patrick"]
[Black "Franke, Johannes"]
[Result "0-1"]
[WhiteElo "2344"]
[BlackElo "2292"]
[PlyCount "130"]
[EventDate "2011.??.??"]

1. d4 c5 2. d5 e5 3. e4 d6 4. a4 Be7 5. Nf3 Nf6 6. Nc3 O-O 7. Be2 Ne8 8. O-O g6
9. Nd2 Nd7 10. Nc4 Nb6 11. Ne3 Bg5 12. a5 Nd7 13. Nc4 Bxc1 14. Qxc1 Qe7 15. Qd2
Rb8 16. Nb5 a6 17. Nba3 f5 18. exf5 gxf5 19. f4 e4 20. Ne3 b5 21. axb6 Nxb6 22.
c3 Nc7 23. Nac2 Bb7 24. c4 Bc8 25. b4 Nd7 26. Ra3 cxb4 27. Nxb4 Qf6 28. Nec2
Nc5 29. Rg3+ Kh8 30. h3 Bd7 31. Ne3 Nb3 32. Qe1 Nd4 33. Nbc2 Nb3 34. Bh5 a5 35.
Rg5 Rg8 36. Qh4 Rg7 37. g4 Rbg8 38. Qf2 h6 39. Rxg7 Rxg7 40. Kh2 Na6 41. Nxf5
Bxf5 42. gxf5 Qxf5 43. Qh4 Nd2 44. Rg1 Nc5 45. Nd4 Qf8 46. Bg6 Re7 47. f5 Ncb3
48. f6 Re5 49. Bf7 Nxd4 50. Rg8+ Kh7 51. Qg4 Rg5 52. Rxf8 Rxg4 53. hxg4 e3 54.
Re8 N2f3+ 55. Kg2 e2 56. Bg8+ Kg6 57. f7 e1=Q 58. Rxe1 Nxe1+ 59. Kf1 Kg7 60.
Kxe1 Nf3+ 61. Ke2 Ne5 62. c5 dxc5 63. f8=Q+ Kxf8 64. Be6 Ke7 65. Kd2 Nc4+ 0-1

[Event "SV Mülheim-Nord 2 - SV Wattenscheid 2"]
[Site "Oberliga NRW 2010/2011"]
[Date "2011.01.30"]
[Round "6.5"]
[White "Hirsch, Stefan"]
[Black "Caessens, Rob"]
[Result "0-1"]
[WhiteElo "2187"]
[BlackElo "2241"]
[PlyCount "120"]
[EventDate "2011.??.??"]

1. e4 e5 2. Nf3 Nc6 3. Bc4 Nf6 4. d3 Bc5 5. O-O d6 6. c3 a6 7. Bb3 Ba7 8. Nbd2
O-O 9. Nc4 Ne7 10. Re1 Ng6 11. h3 c6 12. Nh2 Kh8 13. Qf3 Ng8 14. g4 Be6 15. Qg3
a5 16. Bc2 Bb8 17. Nf3 Bc7 18. Ne3 Nf4 19. Ng2 Nxg2 20. Kxg2 f6 21. Nh4 g6 22.
Kh1 Qd7 23. f3 Rf7 24. Bd2 Raf8 25. Re2 d5 26. a3 b5 27. Rae1 a4 28. Bc1 d4 29.
Qg1 Bb6 30. Qg3 Bc7 31. Qg1 Bb6 32. Qg3 Qe7 33. Ng2 dxc3 34. bxc3 Bc5 35. f4
Bc8 36. Bb2 Bd6 37. f5 Bxa3 38. Ba1 Rg7 39. Ne3 Bd6 40. Qf2 Rd8 41. Rg1 Rf8 42.
Qf3 Bd7 43. Reg2 g5 44. h4 gxh4 45. Rh2 Nh6 46. Rxh4 Nf7 47. Nf1 Ng5 48. Qe2 c5
49. Ng3 b4 50. cxb4 cxb4 51. Rh6 b3 52. Bd1 Rb8 53. Nh5 Rf7 54. Qh2 a3 55. Bxb3
Rxb3 56. Rg6 Rxd3 57. Nxf6 Rxf6 58. Rxg5 Bc6 59. Re1 Bxe4+ 60. Kg1 Qa7+ 0-1

[Event "SV Mülheim-Nord 2 - SV Wattenscheid 2"]
[Site "Oberliga NRW 2010/2011"]
[Date "2011.01.30"]
[Round "6.6"]
[White "Bus, Tomas"]
[Black "Bouaraba, Max"]
[Result "1-0"]
[WhiteElo "2148"]
[BlackElo "2132"]
[PlyCount "78"]
[EventDate "2011.??.??"]

1. c4 Nf6 2. g3 e6 3. Bg2 d5 4. Nf3 Be7 5. O-O O-O 6. d4 dxc4 7. Qc2 a6 8. Qxc4
b5 9. Qc2 Bb7 10. Bf4 Nd5 11. Nc3 Nxf4 12. gxf4 Nd7 13. Rfd1 Nf6 14. e3 Qc8 15.
Rac1 c5 16. dxc5 Qxc5 17. Ne2 Qxc2 18. Rxc2 Rfd8 19. Ned4 Be4 20. Rcc1 Rac8 21.
Ne5 Bxg2 22. Kxg2 Kf8 23. Nec6 Rd7 24. Nxe7 Rxc1 25. Rxc1 Rxe7 26. Rc6 Ra7 27.
Rc8+ Ne8 28. Kf3 Rb7 29. Ra8 Rb6 30. Ra7 Nd6 31. Ke2 g6 32. Kd3 Nb7 33. b4 Ke7
34. e4 Kf8 35. e5 Kg7 36. Ra8 f6 37. Ra7 g5 38. f5 exf5 39. Nxf5+ Kf7 1-0

[Event "SV Mülheim-Nord 2 - SV Wattenscheid 2"]
[Site "Oberliga NRW 2010/2011"]
[Date "2011.01.30"]
[Round "6.7"]
[White "Lehmann, Holger"]
[Black "Nachbar, Benjamin"]
[Result "1-0"]
[WhiteElo "2139"]
[BlackElo "2015"]
[Annotator "Hausrath,Daniel"]
[PlyCount "81"]
[EventDate "2011.??.??"]

1. c4 Nf6 2. d4 c6 3. Nf3 d5 4. e3 e6 5. Nc3 Nbd7 6. Qc2 Be7 7. Be2 dxc4 8.
Bxc4 b5 9. Bd3 a6 10. e4 h6 11. e5 Nd5 12. Nxd5 cxd5 13. O-O Nb6 14. Qe2 Bd7
15. b3 g6 16. Bd2 Qb8 17. Rfb1 Qa7 18. Ba5 O-O 19. Bd2 Kg7 20. Qe3 Rh8 21. h4
h5 22. Rc1 Rac8 23. Qf4 Qb8 24. Qg3 Rxc1+ 25. Rxc1 Rc8 $11 26. Re1 Rc6 27. Qf4
Qf8 28. Qg3 Be8 29. Ng5 Bb4 30. Qf4 Bxd2 31. Qxd2 Qa3 32. Kh2 Nc8 33. Nh3 Qe7
34. g3 b4 35. Rc1 a5 36. Nf4 Qc7 37. Rc2 Rxc2 38. Bxc2 Bb5 39. Bxg6 Qc3 40.
Nxh5+ Kg8 41. Qh6 1-0

[Event "SV Mülheim-Nord 2 - SV Wattenscheid 2"]
[Site "Oberliga NRW 2010/2011"]
[Date "2011.01.30"]
[Round "6.8"]
[White "Winkels, Marcel"]
[Black "Thelen, Thomas"]
[Result "1/2-1/2"]
[WhiteElo "2029"]
[BlackElo "2079"]
[Annotator "Hausrath,Daniel"]
[PlyCount "147"]
[EventDate "2011.??.??"]

1. e4 c5 2. Nf3 d6 3. d4 cxd4 4. Nxd4 Nf6 5. Nc3 a6 6. f4 e5 7. Nf3 Qc7 8. a4
Be7 9. Bd3 Nbd7 10. O-O O-O 11. Qe1 Re8 12. fxe5 Nxe5 13. Nh4 Be6 14. Nf5 Bxf5
15. Rxf5 d5 16. Qg3 Qb6+ 17. Kh1 dxe4 18. Bxe4 Nxe4 19. Nxe4 Ng6 20. Rf1 Bh4
21. Qf3 Qc6 22. Ng5 Qxf3 23. Nxf3 Rad8 24. Nxh4 Nxh4 25. Bg5 Rd4 26. c3 Rde4
27. Rad1 Rxa4 28. Bxh4 Rxh4 29. Rd7 $11 Rf4 30. Kg1 Rxf1+ 31. Kxf1 Rb8 32. Ke2
Kf8 33. Kd3 Ke8 34. Rc7 Rd8+ 35. Ke2 Rd7 36. Rc8+ Ke7 37. Rg8 g6 38. Rb8 h5 39.
c4 Kd6 40. b4 Kc7 41. Rf8 Kb6 42. Ke3 a5 43. bxa5+ Kxa5 44. Re8 Kb4 45. Rc8 Kc3
46. c5 Re7+ 47. Kf3 Kc4 48. g3 Kd4 49. h3 Re3+ 50. Kf2 Re7 51. Kf3 f6 52. Kf2
g5 53. Kf3 Re3+ 54. Kf2 Rc3 55. Rb8 g4 56. hxg4 hxg4 57. Rxb7 Rc2+ 58. Kf1 Rxc5
59. Rf7 f5 60. Ra7 Rc4 61. Kf2 Rc2+ 62. Kf1 Rd2 63. Ra4+ Ke3 64. Rf4 Rd5 65.
Ra4 Rd1+ 66. Kg2 Rd4 67. Ra3+ Rd3 68. Ra5 Rd2+ 69. Kf1 Ke4 70. Ra4+ Rd4 71. Ra5
f4 72. gxf4 Kxf4 73. Ra2 Rd3 74. Kg2 1/2-1/2

[Event "SF Katernberg 2 - SG Porz 2"]
[Site "Oberliga NRW 2010/2011"]
[Date "2011.01.30"]
[Round "6.2"]
[White "Kotainy, Jens"]
[Black "Korotkevych, Stanislav"]
[Result "0-1"]
[WhiteElo "2354"]
[BlackElo "2340"]
[PlyCount "82"]
[EventDate "2011.??.??"]

1. e4 Nc6 2. d4 e5 3. Nf3 exd4 4. Bc4 Nf6 5. O-O d6 6. Nxd4 Be7 7. Nc3 O-O 8.
Re1 Bd7 9. h3 a6 10. a4 Re8 11. Be3 Bf8 12. Bg5 h6 13. Bh4 Ne5 14. Bb3 Ng6 15.
Bg3 Rc8 16. Qf3 c5 17. Nf5 c4 18. Ba2 Ne5 19. Bxe5 Rxe5 20. Rad1 Be6 21. Qg3
Kh7 22. Rxd6 Qa5 23. Rdd1 Nxe4 24. Rxe4 Rxf5 25. Rf4 Qb4 26. Rxf5 Bxf5 27. Qf3
Bg6 28. Rd7 b5 29. axb5 axb5 30. Rxf7 Bxf7 31. Qf5+ Bg6 32. Qxc8 Qxb2 33. Bxc4
bxc4 34. Qxc4 Qxc2 35. Qd4 Ba3 36. Nd1 Bc5 37. Qd5 Be4 38. Qd7 Qe2 39. Kh2 Bc2
40. Ne3 Bxe3 41. fxe3 Be4 0-1

[Event "SF Katernberg 2 - SG Porz 2"]
[Site "Oberliga NRW 2010/2011"]
[Date "2011.01.30"]
[Round "6.3"]
[White "Malykin, Vitaly"]
[Black "Rosen, Bernd"]
[Result "1/2-1/2"]
[WhiteElo "2307"]
[BlackElo "2304"]
[PlyCount "73"]
[EventDate "2011.??.??"]

1. Nf3 c5 2. c4 Nc6 3. Nc3 g6 4. e3 Bg7 5. d4 d6 6. Be2 Nh6 7. d5 Ne5 8. Nxe5
Bxe5 9. e4 Bg7 10. g4 e5 11. g5 Ng8 12. h4 h5 13. Be3 f5 14. f3 Ne7 15. a3 O-O
16. Qd2 Bd7 17. b4 b6 18. Kd1 f4 19. Bf2 a5 20. bxc5 bxc5 21. Kc2 a4 22. Rhb1
Qc7 23. Rb2 Rfb8 24. Rab1 Nc8 25. Kd3 Bf8 26. Bd1 Be7 27. Nb5 Qd8 28. Nc3 Nb6
29. Be1 Qc7 30. Be2 Nc8 31. Bf1 Na7 32. Qd1 Nc8 33. Rxb8 Rxb8 34. Rxb8 Qxb8 35.
Qb1 Qxb1+ 36. Nxb1 Bd8 37. Bc3 1/2-1/2